Andares clancos. fábulas del menor en Osvaldo Lamborghini, J. C. Onetti, Rubén Darío, J. L. Borges, Silvina Ocampo y Manuel Puig

Saved in:
Bibliografiske detaljer
Hovedforfatter: Astutti, Adriana (Author)
Format: Bog
Sprog:spansk
Udgivet: Rosario Beatriz Viterbo 2001
Udgivelse:1a. ed
Fag:
Tags: Tilføj Tag
Ingen Tags, Vær først til at tagge denne postø!

MARC

LEADER 00000cam a2200000 a 4500
001 UCE0455
003 CL-VaPUC
008 140116e20011100ag |||||||||||||||||spa|d
020 |a 9508451149 
082 0 4 |a 860  |b AST  |2 21 
100 0 |a Astutti, Adriana  |e author  |9 572805 
245 1 0 |a Andares clancos. fábulas del menor en Osvaldo Lamborghini, J. C. Onetti, Rubén Darío, J. L. Borges, Silvina Ocampo y Manuel Puig 
250 |a 1a. ed 
300 |a 245 p 
942 |c BK 
945 |d 20140116 11:53:00  |a dcastane 
260 |a Rosario  |b Beatriz Viterbo  |c 2001 
650 0 |a Historia de la literatura  |9 322206 
650 7 |a ENSAYOS LITERARIOS  |2 CL-VaPUC  |9 346201 
583 |a last modification  |c 20140116 11:53:00  |k Rodrigo Vera 
999 |c 354576  |d 354574 
952 |0 0  |1 0  |3 erb  |4 0  |6 860_000000000000000_AST_2001  |7 0  |8 A  |9 460534  |a BIBEDU  |b BIBEDU  |c ES_NOD  |i 505205K  |l 1  |m 1  |o 860 AST 2001  |p 505205K  |r 2023-08-23  |s 2023-08-16  |w 2019-11-23  |y BK  |z Catalogado en:20140116  |k LIT